| 000 | 00707cam a22002294a 4500 | ||
|---|---|---|---|
| 003 | OSt | ||
| 005 | 20260427114003.0 | ||
| 008 | 100701s2010 nyu b 001 0 eng | ||
| 020 | _a9788178244730 | ||
| 040 | _cHDL | ||
| 041 | _aeng | ||
| 082 | 0 | 0 | _a294.509 Q0 |
| 100 | 1 |
_aNicholson, Andrew J. _91235744 |
|
| 245 | 1 | 0 |
_aUnifying Hinduism : _bphilosophy and identity in Indian intellectual history / _cAndrew J. Nicholson. |
| 260 |
_aNew York : _bColumbia University Press, _c2010. |
||
| 300 | _axii, 266 p. | ||
| 490 | 0 | _aSouth Asia across the disciplines | |
| 650 | 0 |
_aHinduism _xHistory. _91232382 |
|
| 651 | 0 |
_aIndia _xIntellectual life. _91235745 |
|
| 942 |
_2CC _cTEXL _n0 |
||
| 999 |
_c1848561 _d1848561 |
||